El modernismo, rubén darío y su influencia en el realismo mágico /
Guardado en:
| Autor Principal: | |
|---|---|
| Formato: | Libro |
| Publicado: |
Bahia Blanca :
Universidad Nacional del Sur. Departamento de Humanidades,
1998
|
| Materias: | |
| Etiquetas: |
Agregar Etiqueta
Sin Etiquetas, Sea el primero en etiquetar este registro!
|
| LEADER | 00762nam a22002175a 4500 | ||
|---|---|---|---|
| 001 | CEM.cems010578 | ||
| 005 | 20080508115659.0 | ||
| 008 | 130507s1998##################000#0#####d | ||
| 003 | CEMS | ||
| 020 | |a 9879281136 | ||
| 082 | 0 | 4 | |a H864.4 |
| 100 | 1 | |a Abate, Sandro | |
| 245 | 1 | 0 | |a El modernismo, rubén darío y su influencia en el realismo mágico / |c Sandro Abate |
| 260 | |a Bahia Blanca : |b Universidad Nacional del Sur. Departamento de Humanidades, |c 1998 | ||
| 300 | |a 175 p. | ||
| 505 | 0 | |a El modernismo -- Ruben Darío -- El realismo mágico -- Alejo Carpentier -- Gabriel García Márquez | |
| 653 | |a Literatura | ||
| 653 | |a Ensayo | ||
| 653 | |a Ensayo | ||
| 653 | |a Literatura hispanoamericana | ||
| 859 | |a CEMS |b BIB. CEMS - 11 de abril |h H864.4 |i Ab18 |p 21132.01 |t Ej.1 | ||
